000 00477nam a2200181Ia 4500
001 17676
005 20260306171534.0
008 260306s9999||||xx |||||||||||||| ||und||
041 _aESP
082 _a658.15
_bC32
100 _aCasanovas Ramón, Montserrat
_eAUT
245 0 _aValoración de empresas:
_bbases conceptuales y aplicaciones prácticas
260 _c2009
300 _a220 páginas :
_c23 cm.
650 _aGEN
654 _aCAN
942 _cLIB
_dJUS
_fJUS
_2ddc
_n
999 _c17676
_d17676